| 000 | 00845nam a2200217 a 4500 | ||
|---|---|---|---|
| 001 | 000041325 | ||
| 005 | 20201002034806.0 | ||
| 008 | 130930s2000 sp 000 0 spa d | ||
| 020 | _a8400077857 | ||
| 040 |
_aDO-SdBNP _bspa _cBNPHU |
||
| 100 | 1 |
_aDíez Taboada, María Paz _915587 |
|
| 245 | 1 | 0 |
_aLa despedida : _bestudio de un subgénero lírico /. |
| 260 |
_aMadrid : _bConsejo Superior de Investigaciones Científicas _bInstituto de Filología, _c2000. |
||
| 300 |
_a613 p. ; _c24 cm. |
||
| 490 | 1 |
_aAnejos de revista de literatura _v45 |
|
| 504 | _aBibliografía : p. 503-555 | ||
| 504 | _aIncluye referencias bibliográficas y notas al pie de las páginas | ||
| 710 | 2 |
_aConsejo Superior de Investigaciones Científicas _94786 |
|
| 710 | 2 |
_aInstituto de Filología (Madrid) _965419 |
|
| 830 | 0 |
_aAnejos de revista de literatura _n45 _967957 |
|
| 999 |
_c40815 _d40815 |
||